00907nam a22001817a 450000500170000000800410001702000180005805000220007610000450009824501370014326000770028030000310035750501730038865000410056165000560060270000320065870000350069020231102151707.0140804s2013 mx a|||| |||| 00| 0 spa d a978968182273614aR850.A1bC35 20131 aHernández de Canales, Franciscaeautor10aMetodología de la investigaciónb : Manual para el desarrollo de personal de saludc / Francisca Hernández de Canales, et al aMéxicob : Limusab : Organización Panamericana de la Saludc , 2013 a327 páginasb, diagramas aLa investigación y su relación con la meta Salud Para Todos en el Año 2000 Aplicación del proceso de investigación en un estudio sobre el problema de diarrea 1 aMEDICINAxINVESTIGACIÓN - MANUALES2 aMEDICINAxINVESTIGACIONES - FORMACIÓN DE PERSONAL aLuz de Alvarado Eva,eautor aPineda, Elia Beatríz eautor